Thực phẩm với bệnh ung thư

Giới thiệu một số thực phẩm có tác dụng ngăn ngừa các bệnh ung thư. Hướng dẫn những thực phẩm nên tránh, dễ gây nên bệnh ung thu như: dưa khú, lạc mốc,...

Đã lưu trong:
書目詳細資料
主要作者: Quách Tuấn Vinh
格式: 圖書
語言:Vietnamese
出版: H. Y học 2005
標簽: 添加標簽
沒有標簽, 成為第一個標記此記錄!
Thư viện lưu trữ: Thư viện Trường Đại học Nam Cần Thơ
LEADER 02123aam a22002778a 4500
001 NCT_10354
008 051109s2005 ||||||viesd
999 |c 501  |d 501 
020 |c 25000 
082 0 4 |2 23rd ed.  |a 616.994  |b V312 
100 1 |a Quách Tuấn Vinh 
245 1 0 |a Thực phẩm với bệnh ung thư  |c Quách Tuấn Vinh 
260 |a H.  |b Y học  |c 2005 
300 |a 150tr.  |c 21cm 
520 3 |a Giới thiệu một số thực phẩm có tác dụng ngăn ngừa các bệnh ung thư. Hướng dẫn những thực phẩm nên tránh, dễ gây nên bệnh ung thu như: dưa khú, lạc mốc,... 
942 |2 ddc  |c BK 
952 |0 0  |1 0  |2 ddc  |4 0  |6 616_994000000000000_V312  |7 0  |9 3760  |a 000001  |b 000001  |d 2017-11-16  |o 616.994 V312  |p MD.05641  |r 2017-11-16  |v 25000.00  |w 2017-11-16  |y BK 
952 |0 0  |1 0  |2 ddc  |4 0  |6 616_994000000000000_V312  |7 0  |9 3761  |a 000001  |b 000001  |d 2017-11-16  |o 616.994 V312  |p MD.05642  |r 2017-11-16  |v 25000.00  |w 2017-11-16  |y BK 
952 |0 0  |1 0  |2 ddc  |4 0  |6 616_994000000000000_V312  |7 0  |9 3762  |a 000001  |b 000001  |d 2017-11-16  |o 616.994 V312  |p MD.05643  |r 2017-11-16  |v 25000.00  |w 2017-11-16  |y BK 
952 |0 0  |1 0  |2 ddc  |4 0  |6 616_994000000000000_V312  |7 0  |9 3763  |a 000001  |b 000001  |d 2017-11-16  |o 616.994 V312  |p MD.05644  |r 2017-11-16  |v 25000.00  |w 2017-11-16  |y BK 
952 |0 0  |1 0  |2 ddc  |4 0  |6 616_994000000000000_V312  |7 0  |9 3764  |a 000001  |b 000001  |d 2017-11-16  |o 616.994 V312  |p MD.05645  |r 2017-11-16  |v 25000.00  |w 2017-11-16  |y BK 
952 |0 0  |1 0  |2 ddc  |4 0  |6 616_994000000000000_V312  |7 0  |9 3765  |a 000001  |b 000001  |d 2017-11-16  |o 616.994 V312  |p MD.05646  |r 2017-11-16  |v 25000.00  |w 2017-11-16  |y BK 
952 |0 0  |1 0  |2 ddc  |4 0  |6 616_994000000000000_V312  |7 0  |9 3766  |a 000001  |b 000001  |d 2017-11-16  |o 616.994 V312  |p MD.05647  |r 2017-11-16  |v 25000.00  |w 2017-11-16  |y BK 
952 |0 0  |1 0  |2 ddc  |4 0  |6 616_994000000000000_V312  |7 0  |9 3767  |a 000001  |b 000001  |d 2017-11-16  |o 616.994 V312  |p MD.05648  |r 2017-11-16  |v 25000.00  |w 2017-11-16  |y BK 
952 |0 0  |1 0  |2 ddc  |4 0  |6 616_994000000000000_V312  |7 0  |9 3768  |a 000001  |b 000001  |d 2017-11-16  |o 616.994 V312  |p MD.04402  |r 2017-11-16  |v 25000.00  |w 2017-11-16  |y BK 
980 |a Thư viện Trường Đại học Nam Cần Thơ